书目信息 |
| 题名: |
表面工程的理论与技术
|
|
| 作者: | 徐滨士 朱绍华 编著 | |
| 分册: | ||
| 出版信息: | 北京 国防工业出版社 1999 |
|
| 页数: | 614页 | |
| 开本: | 20cm | |
| 丛书名: | ||
| 单 册: | ||
| 中图分类: | TG174.4 | |
| 科图分类: | ||
| 主题词: | 腐蚀 , 金属表面 , 金属表面清理 | |
| 电子资源: | ||
| ISBN: | 7-118-02099-0 | |
| 000 | 00643nam0 2200205 450 | |
| 001 | 0735592734 | |
| 005 | 20070906095312.73 | |
| 010 | @a7-118-02099-0@b精装@d¥33.00 | |
| 100 | @a20070906d km y0chiy0120 ea | |
| 101 | 0 | @achi |
| 200 | 1 | @a表面工程的理论与技术@Abiao mian gong cheng de li lun yu ji shu@f徐滨士 朱绍华等编著@Fxu bin shi zhu shao hua deng bian zhu |
| 210 | @a北京@c国防工业出版社@d1999 | |
| 215 | @a614页@d20cm | |
| 606 | 0 | @a腐蚀 |
| 606 | 0 | @a金属表面 |
| 606 | 0 | @a金属表面清理 |
| 690 | @aTG174.4@v3 | |
| 701 | 0 | @a徐滨士 朱绍华@Axu bin shi zhu shao hua@4编著 |
| 801 | 0 | @aCN@bPFT@c20070906 |
| 905 | @a213230@dTG174.4@eP1@f1 | |
| 表面工程的理论与技术/徐滨士 朱绍华等编著.-北京:国防工业出版社,1999 |
| 614页;20cm |
| ISBN 7-118-02099-0(精装):¥33.00 |
| ● |
| 相关链接 |
|
|
|
|
正题名:表面工程的理论与技术
索取号:TG174.4/P1
 
预约/预借
| 序号 | 登录号 | 条形码 | 馆藏地/架位号 | 状态 | 备注 |
| 1 | 7200068 | 272000684 | 密集书库-物理学院/ [索取号:TG174.4/P1] | 在馆 | |
| 2 | 7200069 | 272000693 | 密集书库-物理学院/ [索取号:TG174.4/P1] | 在馆 |